000 00498 a2200181 4500
003 OSt
005 20240207133859.0
008 240207b |||||||| |||| 00| 0 eng d
020 _a9789357420914
040 _coclc
082 _a894.8129
_bBHA/P
100 _aBhanuprakash
_97932
245 _aP M Taj /
_cBhanuprakash
250 _a1st ed.
260 _aKozhikode:
_bOlive Publications,
_c2023.
300 _a447p.
942 _2ddc
_cBK
_h894.8129
_iBHA/P
_k894.8129
_mBHA/P
999 _c44357
_d44357